Top 10 Länder mit den schönsten Frauen - Südamerika - Statistiken

Allgemein
  • Dieses Quiz wurde 91 mal gespielt
  • Das Durchschnittsergebnis liegt bei 9 aus 10
Antwortstatistiken
Platz Land % Korrekt
🥇 Brasilien🇧🇷
100%
🥉 Argentinien🇦🇷
99%
05. Chile🇨🇱
97%
07. Uruguay🇺🇾
96%
🥈 Kolumbien🇨🇴
94%
09. Paraguay🇵🇦
91%
04. Venezuela🇻🇪
90%
06. Peru🇵🇪
88%
08. Ecuador🇪🇨
87%
10. Bolivien🇧🇴
85%
Keine übereinstimmenden Quizze gefunden
Verteilung der Resultate
Anzahl Personen mit jedem Resultat
Perzentil nach korrekt beantworteten Fragen
Ihre Resultats-Entwicklung
Sie haben dieses Quiz noch nicht gespielt